Navegar es preciso /

Eduardo Langagne, escritor mexicano (Ciudad de México, 1952). Ha sido coeditor de las revistas literarias El ciervo herido y El oso hormiguero, y director de Frontera Norte. Ha recibido los premios Nacional de Letras Ramón López Velarde (1979), Casa de las Américas (1980), Nacional de Literatura Gil...

Descripción completa

Guardado en:
Detalles Bibliográficos
Autor principal: Langagne, Eduardo (autor)
Formato: Libro
Idioma:Español
Publicado: México : Fondo de Cultura Económica, 1987
Colección:(Letras Mexicanas)
Temas:
Etiquetas: Agrega una etiqueta
Sin etiquetas, Sé el primero en etiquetar este registro!

MARC

LEADER 00000nam^a2200000^a^4500
001 000003967
005 20250521000000.0
009 20260310083246.09
020 |a 968-16-2477-7 
037 |a Acervo ITESO - Biblioteca 
041 |a ESP 
082 |a 861.  |b LAN 
100 |a Langagne, Eduardo  |e (autor) 
245 1 0 |a Navegar es preciso /  |c E. Langagne. 
264 1 |a México :  |b Fondo de Cultura Económica,  |c 1987 
300 |a 94 p. 
336 |a texto  |b txt  |2 rdacontenido 
337 |a sin mediación  |b n  |2 rdamedio 
338 |a volumen  |b nc  |2 rdasoporte 
440 1 |a (Letras Mexicanas) 
520 |a Eduardo Langagne, escritor mexicano (Ciudad de México, 1952). Ha sido coeditor de las revistas literarias El ciervo herido y El oso hormiguero, y director de Frontera Norte. Ha recibido los premios Nacional de Letras Ramón López Velarde (1979), Casa de las Américas (1980), Nacional de Literatura Gilberto Owen (1990), de Poesía Aguascalientes (1994). Es autor de los libros de poesía: Donde habita el cangrejo (1980), Los abuelos tercos (1983), Navegar es preciso (1987), A la manera del escarabajo (1991), Tabacalera (1992), Como calles estrechas (1994), Al otro lado del mar (1994), Cantos para una exposición (1995), XXX sonetos (1998), Romances anónimos (1999); de narrativa: Crónica de la conquista de la nueva extraña (1981), Cebolla de cristal (1997); para niños y jóvenes: Para leer sobre un tambor (1986), Mi caballito rojo (1991) y de las antologías: de poesía búlgara, Pegado herido (1985); de poetas mexicanos nacidos entre 1950 y 1955, Con sus propias palabras (1986). 
649 |a XX 
650 |a Poesía Mexicana 
650 |a Literatura Mexicana -  |y Siglo XX 
910 |a Fondo General 
920 |a Impresos - Libros 
930 |a Colección General 
940 |a Literatura 
905 |a 101 
901 |a 0039670100  |b IT1  |c LIT  |i 003967  |u 20250521 
902 |a https://opac.biblio.iteso.mx/vufind/Record/000003967